000 00332nam a22000977a 4500
005 20250901165339.0
008 210315b ||||| |||| 00| 0 eng d
050 _aJC328.2 .M84 1973
245 _aThe politics of communication
_ba study in the political sociology of language, socialization, and legitimation
_cMUELLER, CLAUS
942 _2ddc
999 _c2526
_d2526